10 Words 20 Definitions XI Quiz Stats

 Plays Quiz Updated Sep 30, 2017

Challenge
Share
Tweet
Embed
Score 0/20 Timer 03:00
4 Plays Today
% Correct
Glow
96.2%
Roam
96.2%
Glow
95.7%
Matter
95.6%
Roam
95.2%
Pin
95%
Quarter
95%
Coat
94.5%
Blank
94.3%
Ask
94.1%
% Correct
Matter
94%
Pin
93.5%
Dock
93.2%
Stake
92%
Coat
91.8%
Blank
91.2%
Stake
90.2%
Quarter
82.3%
Dock
82%
Ask
69.7%

You're not logged in!

Compare scores with friends on all Sporcle quizzes.
Join for Free
OR
Log In

You Might Also Like...

Show Comments

Extras

Top Quizzes Today


Score Distribution

Your Account Isn't Verified!

In order to create a playlist on Sporcle, you need to verify the email address you used during registration. Go to your Sporcle Settings to finish the process.

Report this User

Report this user for behavior that violates our Community Guidelines.

Details: